00537nam a2200169 i 450000100060000000300090000600500170001500700030003200800410003510000450007624500810012126000700020230000380027265000220031065000140033285200210034670481ES-MaACL20231227185620.0t|040726s1948 sp ||||1| spa d1 aGarcía Valdecasas, Alfonso,d1904-199313aEl hidalgo y el honor / cAlfonso García Valdecasas y García Valdecasas. aMadrid : bRevista de Occidente, c[1948] (fVda. de Galo Sáez) a253 p., 8 h. de lám. ; c19 cm. 4aHonor-zEspaña. 4aHidalgos. aES-MaACLjC-5602